<?xml version="1.0" encoding="UTF-8"?>
<record
    xmlns:xsi="http://www.w3.org/2001/XMLSchema-instance"
    xsi:schemaLocation="http://www.loc.gov/MARC21/slim http://www.loc.gov/standards/marcxml/schema/MARC21slim.xsd"
    xmlns="http://www.loc.gov/MARC21/slim">

  <leader>01198nam a2200277 i 4500</leader>
  <controlfield tag="001">182142</controlfield>
  <controlfield tag="003">ES-MaACL</controlfield>
  <controlfield tag="005">20240208063119.0</controlfield>
  <controlfield tag="008">130620s2012    sp a   | |||||||| | spa d</controlfield>
  <datafield tag="017" ind1=" " ind2=" ">
    <subfield code="a">M 19775-2012 </subfield>
    <subfield code="b">Oficina Dep&#xF3;sito Legal Madrid</subfield>
  </datafield>
  <datafield tag="020" ind1=" " ind2=" ">
    <subfield code="a">9788493641597</subfield>
  </datafield>
  <datafield tag="080" ind1=" " ind2=" ">
    <subfield code="a">929 Botella Llusi&#xE1;, Jos&#xE9;</subfield>
  </datafield>
  <datafield tag="100" ind1="1" ind2=" ">
    <subfield code="a">Botella Llusi&#xE1;, Jos&#xE9;,</subfield>
    <subfield code="d">1912-2002</subfield>
    <subfield code="e">aut</subfield>
    <subfield code="9">30758</subfield>
  </datafield>
  <datafield tag="245" ind1="1" ind2="0">
    <subfield code="a">Cartas a Maripepa : </subfield>
    <subfield code="b">relatos &#xED;ntimos de tiempos cruciales / </subfield>
    <subfield code="c">Jos&#xE9; Botella Llusi&#xE1;.</subfield>
  </datafield>
  <datafield tag="250" ind1=" " ind2=" ">
    <subfield code="a">1&#xAA; ed.: 2012</subfield>
  </datafield>
  <datafield tag="260" ind1=" " ind2=" ">
    <subfield code="a">Madrid : </subfield>
    <subfield code="b">C&#xE1;tedra "Gregorio Mara&#xF1;&#xF3;n", Ateneo de Madrid, </subfield>
    <subfield code="c">2012</subfield>
  </datafield>
  <datafield tag="300" ind1=" " ind2=" ">
    <subfield code="a">596 p&#xE1;ginas, [32] p&#xE1;ginas de l&#xE1;minas (blanco y negro y color) ;</subfield>
    <subfield code="c">25 cm</subfield>
  </datafield>
  <datafield tag="500" ind1=" " ind2=" ">
    <subfield code="a">&#xCD;ndice</subfield>
  </datafield>
  <datafield tag="600" ind1="1" ind2="4">
    <subfield code="a">Botella Llusi&#xE1;, Jos&#xE9;,</subfield>
    <subfield code="d">1912-2002</subfield>
    <subfield code="9">30758</subfield>
  </datafield>
  <datafield tag="710" ind1="2" ind2=" ">
    <subfield code="a">Ateneo de Madrid. </subfield>
    <subfield code="b">C&#xE1;tedra Gregorio Mara&#xF1;&#xF3;n.</subfield>
    <subfield code="9">152925</subfield>
    <subfield code="e">edt</subfield>
  </datafield>
  <datafield tag="852" ind1=" " ind2=" ">
    <subfield code="a">ES-MaACL      </subfield>
    <subfield code="j">N-8212/Ej.1</subfield>
    <subfield code="c">DEPOJ</subfield>
    <subfield code="h">Donaci&#xF3;n: Editorial </subfield>
    <subfield code="x">Encuadernaci&#xF3;n: carton&#xE9; </subfield>
    <subfield code="9">189052 </subfield>
  </datafield>
  <datafield tag="852" ind1=" " ind2=" ">
    <subfield code="a">ES-MaACL      </subfield>
    <subfield code="j">A-12712</subfield>
    <subfield code="c">DEPO1</subfield>
    <subfield code="b">R.148856</subfield>
    <subfield code="d">Olim: N-5712</subfield>
    <subfield code="h">Donaci&#xF3;n: Editorial </subfield>
    <subfield code="x">Encuadernaci&#xF3;n: carton&#xE9; </subfield>
    <subfield code="9">189053</subfield>
  </datafield>
  <datafield tag="942" ind1=" " ind2=" ">
    <subfield code="2">udc</subfield>
    <subfield code="c">MONOGRAFIA</subfield>
    <subfield code="n">0</subfield>
  </datafield>
  <datafield tag="999" ind1=" " ind2=" ">
    <subfield code="c">182142</subfield>
    <subfield code="d">182142</subfield>
  </datafield>
  <datafield tag="952" ind1=" " ind2=" ">
    <subfield code="0">0</subfield>
    <subfield code="1">0</subfield>
    <subfield code="2">udc</subfield>
    <subfield code="4">0</subfield>
    <subfield code="7">0</subfield>
    <subfield code="8">Fondo_Ateneo_de_Madrid</subfield>
    <subfield code="a">ATENEOM</subfield>
    <subfield code="b">ATENEOM</subfield>
    <subfield code="c">DEPO1</subfield>
    <subfield code="d">2013-06-20</subfield>
    <subfield code="e">DONACION</subfield>
    <subfield code="l">0</subfield>
    <subfield code="o">A-12712</subfield>
    <subfield code="p">1191411</subfield>
    <subfield code="r">2023-02-23 00:00:00</subfield>
    <subfield code="y">MONOGRAFIA</subfield>
  </datafield>
</record>
